Months by Number of Days - Statistics

General Stats
  • This quiz has been taken 78 times
    35 since last reset
  • The average score is 11 of 12
Answer Stats
Answer % Correct
January
100%
March
91%
April
87%
August
87%
December
87%
July
87%
June
87%
May
87%
November
87%
October
87%
September
87%
February
83%
No matching quizzes found
Score Distribution
Percent of People with Each Score
Percentile by Number Answered
Your Score History
You have not taken this quiz since the last reset